[Event "Xabia Region-ch Preferente"]
[Site "Xabia"]
[Date "2015.10.13"]
[Round "2.2"]
[White "Daza Lopez, Andres Felipe"]
[Black "Moll Domenech, Andreu"]
[Result "1/2-1/2"]
[WhiteElo "1733"]
[BlackElo "1885"]
[PlyCount "83"]
[EventDate "2015.10.03"]
[EventType "swiss"]
[EventRounds "7"]
[EventCountry "ESP"]
[SourceTitle "EXT 2024"]
[Source "ChessBase"]
[SourceDate "2023.10.10"]
[SourceVersion "1"]
[SourceVersionDate "2023.10.10"]
[SourceQuality "1"]

1. e4 e5 2. Nf3 Nf6 3. Nc3 Nc6 4. Bb5 Nd4 5. d3 c6 6. Bc4 b5 7. Bb3 a5 8. a3 Nxb3 9. cxb3 d6 10. 0-0 Bg4 11. h3 Bh5 12. Be3 Be7 13. Rc1 0-0 14. Nb1 c5 15. Nbd2 Qd7 16. Bg5 Ne8 17. Nxe5 dxe5 18. Qxh5 f6 19. Be3 Qxd3 20. Rc3 Qd7 21. Rfc1 b4 22. R3c2 Qd3 23. Nc4 Qxe4 24. Rd2 g6 25. Qd1 Ng7 26. Nd6 Bxd6 27. Rxd6 Nf5 28. Bxc5 Nxd6 29. Qxd6 Rf7 30. Be3 Qb7 31. a4 Kg7 32. h4 Rd7 33. Qe6 h5 34. Rc6 Rd1+ 35. Kh2 Rf8 36. Ra6 Rf7 37. Ra7 Qxa7 38. Bxa7 Rxa7 39. Qb6 Rdd7 40. Kg3 Rdb7 41. Qe3 Rd7 42. Qb6 1/2-1/2

[Event "Sueca op 1st"]
[Site "Sueca"]
[Date "2015.07.29"]
[Round "3"]
[White "Moll Domenech, Andreu"]
[Black "Gomez Sanjuan, Hector Fernando"]
[Result "1/2-1/2"]
[WhiteElo "1886"]
[BlackElo "2032"]
[PlyCount "82"]
[EventDate "2015.07.27"]
[EventType "swiss"]
[EventRounds "8"]
[EventCountry "ESP"]
[SourceTitle "EXT 2016"]
[Source "ChessBase"]
[SourceDate "2015.10.08"]
[SourceVersion "1"]
[SourceVersionDate "2015.10.08"]
[SourceQuality "1"]

1. e4 Nf6 2. Nc3 d5 3. e5 Ne4 4. Nxe4 dxe4 5. d4 exd3 6. Bxd3 Nc6 7. Bf4 g6 8. Bb5 Qxd1+ 9. Rxd1 Bg7 10. Nf3 0-0 11. Bxc6 bxc6 12. 0-0 Bg4 13. Rd3 Be6 14. Rfd1 Bd5 15. b3 a5 16. c4 Bxf3 17. Rxf3 a4 18. g3 axb3 19. axb3 Ra5 20. Rd7 Bxe5 21. Bxe5 Rxe5 22. Rxc7 c5 23. Re3 Rxe3 24. fxe3 Rb8 25. Rxc5 Rxb3 26. Re5 Rc3 27. Rxe7 Rxc4 28. Rd7 Rc3 29. Re7 Kg7 30. Re4 Rc2 31. Rf4 f6 32. Rf2 Rc4 33. Kg2 Re4 34. Kf3 f5 35. h4 Kf6 36. Ra2 Re6 37. Ra7 h6 38. Rh7 h5 39. Rh8 Re4 40. Rf8+ Kg7 41. Rd8 Kf6 1/2-1/2